Mukakayumba E, Lammare J (2015) La géographie en question : une collaboration entre la science et le politique, Presses de l’Université du Québec, Collection « Géographie contemporaine », Québec, 247 p. (notice n° 1588233)

détails MARC
000 -LEADER
fixed length control field 02397cam a2200229 4500500
005 - DATE AND TIME OF LATEST TRANSACTION
control field 20251228062059.0
041 ## - LANGUAGE CODE
Language code of text/sound track or separate title fre
042 ## - AUTHENTICATION CODE
Authentication code dc
100 10 - MAIN ENTRY--PERSONAL NAME
Personal name Péreau, Jean-Christophe
Relator term author
245 00 - TITLE STATEMENT
Title Mukakayumba E, Lammare J (2015) La géographie en question : une collaboration entre la science et le politique, Presses de l’Université du Québec, Collection « Géographie contemporaine », Québec, 247 p.
260 ## - PUBLICATION, DISTRIBUTION, ETC.
Date of publication, distribution, etc. 2015.<br/>
500 ## - GENERAL NOTE
General note 32
520 ## - SUMMARY, ETC.
Summary, etc. La gestion des zones humides dans l'estuaire de la Gironde est principalement assurée par deux types d'acteurs : publics avec les syndicats intercommunaux de bassin-versant ( Sibv) et privés par l'intermédiaire des associations syndicales de propriétaires ( Asp). La recherche d'une meilleure efficacité économique dans la gestion de ces zones humides est actuellement un objectif affiché par les autorités publiques à travers une logique de regroupement des Sibv en plus grandes entités. Cet article examine si la création d'unions d' Asp dont les périmètres seraient comparables avec ceux des futurs Sibv peut se justifier par une recherche d'économies d'échelle concernant les dépenses d'entretien des Asp. Les résultats mettent en avant des opportunités de gain d'efficience mais soulignent la nature des conflits possibles entre les Asp sur la répartition de ces gains.
520 ## - SUMMARY, ETC.
Summary, etc. Wetlands in the Gironde estuary are both managed by public authorities with watershed intercommunal unions ( Sibv) and private decision makers with landowner unions ( Asp). Public decision maker aims at looking for a better economic efficiency in wetland management through the merger of several Sibvs. This paper analyses the conditions under which the merger of Asp at the same scale of Sibv can create efficiency gains in terms of cost management. Results show that sharing conflicts over these gains between the wetland-owners can prevent the formation of Asp unions.
700 10 - ADDED ENTRY--PERSONAL NAME
Personal name Milliet, Alice
Relator term author
700 10 - ADDED ENTRY--PERSONAL NAME
Personal name Lavaud, Sébastien
Relator term author
700 10 - ADDED ENTRY--PERSONAL NAME
Personal name Fauvet, Natacha
Relator term author
700 10 - ADDED ENTRY--PERSONAL NAME
Personal name Ferrari, Sylvie
Relator term author
700 10 - ADDED ENTRY--PERSONAL NAME
Personal name Point, Patrick
Relator term author
786 0# - DATA SOURCE ENTRY
Note Revue d’Économie Régionale & Urbaine | Octobre | 4 | 2015-11-06 | p. 741-741 | 0180-7307
856 41 - ELECTRONIC LOCATION AND ACCESS
Uniform Resource Identifier <a href="https://shs.cairn.info/revue-d-economie-regionale-et-urbaine-2015-4-page-741a?lang=fr&redirect-ssocas=7080">https://shs.cairn.info/revue-d-economie-regionale-et-urbaine-2015-4-page-741a?lang=fr&redirect-ssocas=7080</a>

Pas d'exemplaire disponible.

PLUDOC

PLUDOC est la plateforme unique et centralisée de gestion des bibliothèques physiques et numériques de Guinée administré par le CEDUST. Elle est la plus grande base de données de ressources documentaires pour les Étudiants, Enseignants chercheurs et Chercheurs de Guinée.

Adresse

627 919 101/664 919 101

25 boulevard du commerce
Kaloum, Conakry, Guinée

Réseaux sociaux

Powered by Netsen Group @ 2025